[Event "FIDE World Blitz 2013"]
[Site "Khanty-Mansiysk RUS"]
[Date "2013.06.10"]
[Round "30.6"]
[White "Safarli, Eltaj"]
[Black "Mamedov, Rauf"]
[Result "0-1"]
[WhiteTitle "GM"]
[BlackTitle "GM"]
[WhiteElo "2660"]
[BlackElo "2637"]
[WhiteFideId "13402129"]
[BlackFideId "13401653"]
[EventDate "2013.06.09"]

1. Nf3 g6 2. g3 Bg7 3. Bg2 e5 4. O-O d6 5. d4 exd4 6. Nxd4 Ne7 7. Nc3 O-O 8. e4
Nbc6 9. Be3 Ne5 10. Qe2 c5 11. Nb3 Be6 12. Nd2 N7c6 13. Nd5 Re8 14. c3 Ng4 15.
h3 Nxe3 16. Nxe3 Ne7 17. Rfd1 Qc7 18. Qf3 Rad8 19. Bf1 d5 20. Bb5 Rf8 21. exd5
Nxd5 22. Bc4 Nxe3 23. Qxe3 Rxd2 24. Qxd2 Bxc4 25. Qd6 Qxd6 26. Rxd6 Be6 27. h4
Be5 28. Rd2 b5 29. a3 a5 30. Re1 Bf6 31. Red1 Rb8 32. Rc1 Kf8 33. Kg2 b4 34.
cxb4 cxb4 35. axb4 Rxb4 36. Rcc2 a4 37. Re2 Bg4 38. f3 Be6 39. Rcd2 Rb3 40. Re4
Bxb2 41. Rxa4 Bf6 42. Re4 h6 43. Rde2 Bd5 44. Rf4 Be7 45. Rd2 Be6 46. Re2 g5 47.
Rfe4 g4 48. fxg4 Bd5 49. g5 hxg5 50. hxg5 Bxg5 51. Kh3 Bxe4 52. Rxe4 Be7 53. Rd4
Bf6 54. Rd5 Ke7 55. Kg4 Ke6 56. Rd2 Be5 57. Rg2 Rxg3+ 58. Rxg3 Bxg3 59. Kxg3 Ke5 0-1

[Event "FIDE World Blitz 2013"]
[Site "Khanty-Mansiysk RUS"]
[Date "2013.06.10"]
[Round "30.9"]
[White "Tkachiev, Vladislav"]
[Black "Khismatullin, Denis"]
[Result "1-0"]
[WhiteTitle "GM"]
[BlackTitle "GM"]
[WhiteElo "2649"]
[BlackElo "2658"]
[WhiteFideId "618438"]
[BlackFideId "4142578"]
[EventDate "2013.06.09"]

1. d4 Nf6 2. c4 d6 3. Nf3 Nbd7 4. Nc3 e5 5. g3 Be7 6. Bg2 O-O 7. O-O c6 8. Qc2
a6 9. Rd1 Qc7 10. h3 Re8 11. Be3 Nf8 12. Rac1 Ng6 13. c5 dxc5 14. dxc5 h6 15.
Nd2 Be6 16. Nde4 Rad8 17. Nxf6+ Bxf6 18. h4 Be7 19. b4 Nf8 20. Be4 a5 21. b5 Nd7
22. bxc6 bxc6 23. Na4 Nf6 24. Bg2 Nd5 25. Bd2 Rb8 26. Nb6 Nxb6 27. Bxa5 Bxc5 28.
Qxc5 Qa7 29. Rb1 Nc8 30. Qxc6 Rxb1 31. Qxe8+ 1-0

[Event "FIDE World Blitz 2013"]
[Site "Khanty-Mansiysk RUS"]
[Date "2013.06.10"]
[Round "30.12"]
[White "Artemiev, Vladislav"]
[Black "Ponkratov, Pavel"]
[Result "1-0"]
[WhiteTitle "IM"]
[BlackTitle "GM"]
[WhiteElo "2524"]
[BlackElo "2605"]
[WhiteFideId "24101605"]
[BlackFideId "4157800"]
[EventDate "2013.06.09"]

1. b3 e5 2. Bb2 d6 3. e3 g6 4. Nf3 Bg7 5. Be2 Nf6 6. c4 O-O 7. O-O Nbd7 8. Nc3
Re8 9. d4 e4 10. Nd2 Nf8 11. b4 h5 12. a4 N8h7 13. b5 h4 14. Re1 h3 15. g3 Ng5
16. Rc1 Bf5 17. Ba3 Qc8 18. Nd5 Nxd5 19. cxd5 Qd7 20. g4 Bxd4 21. gxf5 Be5 22.
fxg6 fxg6 23. Kh1 Qf5 24. Rf1 Re7 25. Nc4 Bg7 26. Bb2 Bxb2 27. Nxb2 Rf8 28. Nc4
Ref7 29. Bg4 Qf6 30. Rc2 Kh7 31. Rg1 Qe7 32. Qf1 Kg7 33. Rg3 Rh8 34. Qa1+ Kg8
35. Na5 Rh4 36. Nxb7 Qf8 37. Be6 Nxe6 38. dxe6 Rf6 39. Rxc7 Rxe6 40. Nd8 Rf6 41.
Nc6 Rh7 42. Rc8 Qxc8 43. Qxf6 Rg7 44. Ne7+ Rxe7 45. Rxg6+ 1-0

[Event "FIDE World Blitz 2013"]
[Site "Khanty-Mansiysk RUS"]
[Date "2013.06.10"]
[Round "30.15"]
[White "Khairullin, Ildar"]
[Black "Inarkiev, Ernesto"]
[Result "1-0"]
[WhiteTitle "GM"]
[BlackTitle "GM"]
[WhiteElo "2658"]
[BlackElo "2680"]
[WhiteFideId "4151348"]
[BlackFideId "4162722"]
[EventDate "2013.06.09"]

1. b3 e5 2. Bb2 d6 3. e4 Nf6 4. Nc3 Nc6 5. Bb5 Bg4 6. Nge2 Be7 7. h3 Bh5 8. O-O
O-O 9. Bxc6 bxc6 10. d4 Nd7 11. dxe5 Nxe5 12. f4 Bxe2 13. Nxe2 Ng6 14. Nd4 Bf6
15. Nxc6 Qe8 16. e5 dxe5 17. fxe5 Nxe5 18. Nxe5 Bxe5 19. Re1 Bxb2 20. Rxe8 Rfxe8
21. Rb1 Rad8 22. Qf3 g6 23. Rxb2 1-0

[Event "FIDE World Blitz 2013"]
[Site "Khanty-Mansiysk RUS"]
[Date "2013.06.10"]
[Round "30.16"]
[White "Gundavaa, Bayarsaikhan"]
[Black "Moiseenko, Alexander"]
[Result "1/2-1/2"]
[WhiteTitle "GM"]
[BlackTitle "GM"]
[WhiteElo "2516"]
[BlackElo "2711"]
[WhiteFideId "4901045"]
[BlackFideId "14102560"]
[EventDate "2013.06.09"]

1. d4 Nf6 2. c4 e6 3. Nc3 Bb4 4. Qc2 d5 5. a3 Bxc3+ 6. Qxc3 Ne4 7. Qc2 c5 8.
dxc5 Nc6 9. e3 Qa5+ 10. Bd2 Nxd2 11. Qxd2 dxc4 12. Bxc4 Qxc5 13. Rc1 Qe7 14. Nf3
O-O 15. b4 Rd8 16. Qc3 Qf6 17. Qxf6 gxf6 18. Ke2 Bd7 19. Rhd1 Be8 20. Rxd8 1/2-1/2

[Event "FIDE World Blitz 2013"]
[Site "Khanty-Mansiysk RUS"]
[Date "2013.06.10"]
[Round "30.18"]
[White "Kobalia, Mikhail"]
[Black "Georgiev, Kiril"]
[Result "0-1"]
[WhiteTitle "GM"]
[BlackTitle "GM"]
[WhiteElo "2651"]
[BlackElo "2636"]
[WhiteFideId "4119150"]
[BlackFideId "2900017"]
[EventDate "2013.06.09"]

1. e4 c5 2. Nf3 d6 3. Bc4 Nf6 4. d3 Nc6 5. c3 g6 6. Bb3 Bg7 7. O-O O-O 8. Re1
Bg4 9. Nbd2 b5 10. h3 Bd7 11. d4 cxd4 12. cxd4 Na5 13. Bc2 Rc8 14. Nf1 Qc7 15.
Bd3 e5 16. d5 Qb8 17. b3 Nb7 18. b4 Ne8 19. Ng3 Nd8 20. Qe2 f6 21. h4 h5 22. Nh2
Nf7 23. Be3 Bh6 24. Rac1 Ng7 25. Bxh6 Nxh6 26. Qe3 Nf7 27. Nhf1 Rxc1 28. Rxc1
Rc8 29. Rxc8+ Bxc8 30. Nd2 a6 31. Nb3 Qc7 32. Qd2 Kh7 33. Na5 Nd8 34. Kh2 Ne8
35. Ne2 Bg4 36. f3 Bc8 37. f4 Ng7 38. fxe5 dxe5 39. Bc2 Nf7 40. Nc6 Bg4 41. Ng3
Ne8 42. Bd1 Bc8 43. Qc3 Ned6 44. Qc5 Qb7 45. Nd8 Qd7 46. Ne6 Qe7 47. Nc7 Kg7 48.
a4 bxa4 49. Bxa4 Kf8 50. Qb6 f5 51. Kg1 Qxh4 52. Ne6+ Kg8 53. Qf2 f4 54. Nh1 Qg4
55. Nc5 Ng5 56. Qc2 f3 57. g3 Kh7 58. b5 0-1

[Event "FIDE World Blitz 2013"]
[Site "Khanty-Mansiysk RUS"]
[Date "2013.06.10"]
[Round "30.20"]
[White "Lagno, Kateryna"]
[Black "Cheparinov, Ivan"]
[Result "1/2-1/2"]
[WhiteTitle "GM"]
[BlackTitle "GM"]
[WhiteElo "2542"]
[BlackElo "2678"]
[WhiteFideId "14109336"]
[BlackFideId "2905540"]
[EventDate "2013.06.09"]

1. Nf3 Nf6 2. g3 g6 3. Bg2 Bg7 4. d4 O-O 5. O-O d5 6. c4 dxc4 7. Na3 c3 8. bxc3
c5 9. e3 Nc6 10. Qe2 Bf5 11. Bb2 Qb6 12. Rfd1 Rfd8 13. Nc4 Qa6 14. a4 Na5 15.
Bf1 Rac8 16. Nxa5 Qxa5 17. c4 Ne4 18. Nh4 Bd7 19. Qe1 Qxe1 20. Rxe1 Nd6 21. a5
Be6 22. Rab1 Nxc4 23. Bxc4 Bxc4 24. dxc5 Bd3 25. Bxg7 Bxb1 26. Rxb1 Kxg7 27.
Rxb7 Rxc5 28. Rxa7 Rc1+ 29. Kg2 Rc2 30. Nf3 Rb8 31. Ne5 Rbb2 32. Nd3 Rb3 33. Ne5
Rb5 34. Nd3 e6 35. a6 Ra2 36. h4 Rba5 37. Rb7 Rxa6 38. Ne5 Ra7 39. Rb4 R2a4 40.
Rb8 Re4 41. Nf3 Rea4 42. Ne5 Ra8 43. Rb7 R4a7 44. Rb4 h5 45. Nf3 Ra5 46. Ng5
R8a7 47. Rf4 Ra4 48. Rf3 Ra2 49. Rf4 Rb2 50. Kh3 Rbb7 51. Kg2 Rb6 52. Rc4 Rba6
53. Rb4 Ra4 54. Rb6 R4a6 55. Rb4 Rd6 56. Rc4 Rdd7 57. Rb4 Rab7 58. Rc4 Rdc7 59.
Ra4 Rb6 60. Nf3 Rb2 61. Ng5 Rcb7 62. Rf4 R2b4 63. Rf3 e5 64. e4 f6 65. Ne6+ Kf7
66. Nd8+ Ke7 67. Nxb7 1/2-1/2

[Event "FIDE World Blitz 2013"]
[Site "Khanty-Mansiysk RUS"]
[Date "2013.06.10"]
[Round "30.21"]
[White "Bezgodov, Alexei"]
[Black "Guseinov, Gadir"]
[Result "1-0"]
[WhiteTitle "GM"]
[BlackTitle "GM"]
[WhiteElo "2482"]
[BlackElo "2631"]
[WhiteFideId "4105257"]
[BlackFideId "13401378"]
[EventDate "2013.06.09"]

1. e4 c5 2. a3 g6 3. h4 h5 4. Bc4 Bg7 5. Qf3 e6 6. Nc3 Nc6 7. Nb5 d6 8. Qd3 Ke7
9. Nf3 a6 10. Nc3 Nf6 11. Qe2 Re8 12. d3 Kf8 13. Bg5 b5 14. Ba2 e5 15. Nd5 Be6
16. c3 Bxd5 17. Bxd5 Qc7 18. Ba2 b4 19. axb4 cxb4 20. Bd2 bxc3 21. bxc3 Rad8 22.
O-O d5 23. exd5 Nxd5 24. Ng5 Re7 25. Qf3 Nf4 26. Bxf4 exf4 27. d4 Kg8 28. Rfe1
Rdd7 29. Rxe7 Rxe7 30. Bd5 Nb8 31. Qd3 Qd6 32. Qc4 Qc7 33. Qb3 Nc6 34. Rxa6 Nd8
35. Rxg6 Re1+ 36. Kh2 f3+ 37. g3 Qe7 38. Nxf3 Re2 39. Kg1 Qa7 40. Rg5 Qa1+ 41.
Kg2 Rb2 42. Qc4 Qa7 43. Qc8 Qe7 44. Qf5 Qe3 45. Ne5 1-0

[Event "FIDE World Blitz 2013"]
[Site "Khanty-Mansiysk RUS"]
[Date "2013.06.10"]
[Round "30.22"]
[White "Gordievsky, Dmitry"]
[Black "Potkin, Vladimir"]
[Result "1/2-1/2"]
[WhiteTitle "FM"]
[BlackTitle "GM"]
[WhiteElo "2474"]
[BlackElo "2647"]
[WhiteFideId "24112798"]
[BlackFideId "4131061"]
[EventDate "2013.06.09"]

1. b3 d5 2. Bb2 c6 3. e3 Bf5 4. Be2 e6 5. f4 Nf6 6. Nf3 Be7 7. O-O O-O 8. Nh4 a5
9. Nxf5 exf5 10. a4 Nbd7 11. Nc3 Re8 12. Bd3 g6 13. Ne2 Bf8 14. Nd4 Bg7 15. Nf3
Ne4 16. Bxg7 Kxg7 17. Qe2 Qf6 18. Kh1 Re7 19. Rg1 h5 20. Rab1 Nec5 21. Rgc1 Rae8
22. b4 axb4 23. Rxb4 Ra8 24. Rcb1 b6 25. Qd1 Rxa4 26. Rxa4 Nxa4 27. c3 Nac5 28.
Be2 Ne4 29. Kg1 b5 30. Ra1 Qd6 31. Nd4 Ndc5 32. Qc1 Ne6 33. Nf3 Qc5 34. g3 Rb7
35. Qb2 f6 36. Qb4 Qxb4 37. cxb4 d4 38. exd4 Rd7 39. Ra6 Nxd4 40. Nxd4 Rxd4 41.
Rxc6 Rxb4 42. Rb6 Rb1+ 43. Kg2 Rb2 44. Rxb5 Rxd2 45. Kf1 Kh6 46. Rb6 Kg7 47.
Rb7+ Kf8 48. Ra7 Nc3 49. Bc4 Rxh2 50. Rf7+ Ke8 51. Rxf6 Ne4 52. Rxg6 Nd2+ 53.
Kg1 Nf3+ 54. Kf1 Nd2+ 55. Kg1 Nf3+ 56. Kf1 Nd2+ 57. Kg1 Nf3+ 58. Kf1 h4 59. gxh4
Nd2+ 60. Kg1 Nf3+ 61. Kf1 Rxh4 62. Bd3 Rxf4 63. Re6+ Kf7 64. Re3 Ne5+ 65. Kg2
Ng4 66. Rf3 Rxf3 67. Kxf3 Ne5+ 68. Ke3 Nxd3 69. Kxd3 Ke6 70. Ke3 Ke5 1/2-1/2

[Event "FIDE World Blitz 2013"]
[Site "Khanty-Mansiysk RUS"]
[Date "2013.06.10"]
[Round "30.24"]
[White "Skatchkov, Pavel"]
[Black "Vasquez Schroeder, Rodrigo"]
[Result "0-1"]
[WhiteTitle "GM"]
[BlackTitle "GM"]
[WhiteElo "2486"]
[BlackElo "2542"]
[WhiteFideId "4121848"]
[BlackFideId "3400042"]
[EventDate "2013.06.09"]

1. e4 c5 2. b3 a6 3. Bb2 e6 4. Nf3 d6 5. g3 b6 6. Bg2 Bb7 7. Qe2 Nf6 8. Nc3 Nc6
9. O-O Be7 10. Rad1 Qc7 11. Rfe1 O-O 12. d4 cxd4 13. Nxd4 Nxd4 14. Rxd4 Rac8 15.
g4 Nd7 16. Rd3 Ne5 17. Rh3 g5 18. Rh5 Ng6 19. Rh6 f6 20. h4 Nxh4 21. Qd3 Ng6 22.
e5 Kg7 23. exf6+ Bxf6 24. Bxb7 Kxh6 25. Bxc8 Nf4 26. Qxa6 Qxc8 27. Qxb6 Bxc3 28.
Bxc3 Qa8 29. Bg7+ Kxg7 30. Qc7+ 0-1

[Event "FIDE World Blitz 2013"]
[Site "Khanty-Mansiysk RUS"]
[Date "2013.06.10"]
[Round "30.26"]
[White "Ram, S. Krishnan"]
[Black "Kabanov, Nikolai"]
[Result "0-1"]
[BlackTitle "GM"]
[WhiteElo "2248"]
[BlackElo "2472"]
[WhiteFideId "5010519"]
[BlackFideId "4127820"]
[EventDate "2013.06.09"]

1. d4 Nf6 2. Nf3 d6 3. c4 Nbd7 4. Nc3 e5 5. e4 Be7 6. Be2 O-O 7. O-O c6 8. h3 a6
9. a4 a5 10. Be3 exd4 11. Nxd4 Nc5 12. Qc2 Re8 13. Rad1 Qc7 14. Bf4 Bf8 15. Bf3
Nfd7 16. Rfe1 Ne5 17. Be2 Bd7 18. Bh2 Qb6 19. Kh1 Rad8 20. f4 Ng6 21. Bf1 Bc8
22. g3 Na6 23. Bg1 Nc5 24. Bg2 Qb4 25. b3 h5 26. Na2 Qb6 27. h4 Bg4 28. Rb1 Ne7
29. b4 axb4 30. Nxb4 Qa5 31. Nb3 Qxa4 32. Nxc5 Qxc2 33. Nxc2 dxc5 34. Rxb7 Rd2
35. Ne3 Nc8 36. e5 Ne7 37. Nxg4 hxg4 38. Be4 Ra8 39. Bxc5 Nf5 40. Ba7 Nxg3+ 41.
Kg1 Rxa7 42. Rxa7 Bc5+ 0-1

[Event "FIDE World Blitz 2013"]
[Site "Khanty-Mansiysk RUS"]
[Date "2013.06.10"]
[Round "30.27"]
[White "Byambaa, Zulzaga"]
[Black "Frolyanov, Dmitry"]
[Result "0-1"]
[WhiteTitle "FM"]
[BlackTitle "GM"]
[WhiteElo "2285"]
[BlackElo "2570"]
[WhiteFideId "4900642"]
[BlackFideId "4151976"]
[EventDate "2013.06.09"]

1. e4 e5 2. Nf3 Nf6 3. Nxe5 d6 4. Nf3 Nxe4 5. Nc3 Nxc3 6. dxc3 Be7 7. Bf4 O-O 8.
Qd2 Nd7 9. O-O-O Nc5 10. h3 Re8 11. Bd3 c6 12. Rhe1 Qa5 13. Kb1 Be6 14. a3 Nxd3
15. Qxd3 Qd5 16. Qxd5 Bxd5 17. Re3 Bf8 18. Ne1 Rxe3 19. Bxe3 a5 20. Kc1 b5 21.
f3 Re8 22. Kd2 Be6 23. Nd3 g6 24. Ke2 h5 25. Kf2 Bf5 26. g4 hxg4 27. hxg4 Bxd3
28. cxd3 d5 29. d4 Bd6 30. Rh1 Kg7 31. Bh6+ Kf6 32. Bd2 a4 33. Rh7 c5 34. Be3 c4
35. f4 Ke6 36. Kf3 Be7 37. Bf2 Bf6 38. f5+ gxf5 39. gxf5+ Ke7 40. Bg3 Rh8 41.
Rxh8 Bxh8 42. Bh4+ Kd7 43. Kg4 Bg7 44. Bf2 Bf6 45. Be3 Ke8 46. Kh5 Kf8 47. Bh6+
Ke8 48. Be3 Be7 49. Kh6 Bd6 50. f6 0-1

[Event "FIDE World Blitz 2013"]
[Site "Khanty-Mansiysk RUS"]
[Date "2013.06.10"]
[Round "30.28"]
[White "Al-Sayed, Mohammed"]
[Black "Rakhmanov, Aleksandr"]
[Result "0-1"]
[WhiteTitle "GM"]
[BlackTitle "GM"]
[WhiteElo "2498"]
[BlackElo "2602"]
[WhiteFideId "12100196"]
[BlackFideId "4173708"]
[EventDate "2013.06.09"]

1. d4 d5 2. c4 e6 3. Nc3 Nf6 4. cxd5 Nxd5 5. e4 Nxc3 6. bxc3 c5 7. Nf3 cxd4 8.
cxd4 Bb4+ 9. Bd2 Bxd2+ 10. Qxd2 O-O 11. Be2 Nc6 12. O-O e5 13. d5 Bg4 14. dxc6
Qxd2 15. Nxd2 Bxe2 16. cxb7 Rab8 17. Rfb1 Ba6 18. Nb3 Rxb7 19. Nc5 Rxb1+ 20.
Rxb1 Bc4 21. a3 Rc8 22. Nb7 Bd3 23. Nd6 Rd8 24. Rc1 Ba6 25. Nf5 g6 26. Ne7+ Kf8
27. Nd5 Bb7 28. Rc5 Bxd5 29. exd5 Ke7 30. Ra5 Rd7 31. g4 f5 32. gxf5 gxf5 33.
Ra6 Rxd5 34. Rxa7+ Kf6 35. Rxh7 Rd3 36. Ra7 e4 37. a4 f4 38. Kg2 Rd2 39. Ra6+
Kg5 40. Ra5+ Kh4 41. Kf1 Kg4 42. Ke1 Ra2 43. h4 Kf3 44. h5 Rxf2 45. h6 Rh2 46.
Ra6 e3 47. Kd1 Kf2 48. Rf6 f3 49. a5 e2+ 0-1

[Event "FIDE World Blitz 2013"]
[Site "Khanty-Mansiysk RUS"]
[Date "2013.06.10"]
[Round "30.29"]
[White "Salem, A.R. Saleh"]
[Black "Sibriaev, Aleksandr"]
[Result "0-1"]
[WhiteTitle "GM"]
[BlackTitle "FM"]
[WhiteElo "2531"]
[BlackElo "2239"]
[WhiteFideId "9301348"]
[BlackFideId "4116070"]
[EventDate "2013.06.09"]

1. d4 d6 2. Nf3 Nf6 3. c4 Bg4 4. Nbd2 Nbd7 5. g3 c6 6. Bg2 e5 7. O-O Be7 8. h3
Bh5 9. b3 Qc7 10. Qc2 Bg6 11. e4 O-O 12. Bb2 a5 13. Rfe1 Rfe8 14. a3 Bf8 15.
Rad1 b6 16. Nh4 Rac8 17. d5 cxd5 18. Nxg6 hxg6 19. exd5 b5 20. Re3 Qa7 21. Rc1
a4 22. Qb1 bxc4 23. Nxc4 Nc5 24. b4 Nb3 25. Rxb3 axb3 26. Qd3 e4 27. Qxb3 Nxd5
28. Rd1 Nf6 29. Bd4 Qc7 30. Ne3 d5 31. Bf1 Bd6 32. Kg2 Qe7 33. Nxd5 Nxd5 34.
Qxd5 Rcd8 35. Qb3 Be5 36. Be3 Qf6 37. Be2 Bd4 38. Rxd4 Rxd4 39. b5 Rd3 40. Bxd3
Qf3+ 41. Kg1 exd3 42. Qxd3 Rc8 43. Qb1 Rd8 44. Kh2 Rd1 45. Qxd1 Qxd1 46. b6 Qb3
47. Bc5 Qb5 48. Be3 f6 49. h4 Kf7 50. Kg2 Ke6 51. Kf3 Kd5 52. Kf4 Kc6 53. Kf3
Qd5+ 54. Ke2 Qa2+ 55. Kf3 Qxa3 56. Kg4 Qd3 57. Kf3 Qd1+ 58. Kf4 Qh5 59. Ke4 g5
60. hxg5 fxg5 61. Kf5 g4+ 62. Kf4 Kd5 63. b7 Qf7+ 64. Kxg4 Qxb7 65. Kg5 Ke4 66.
g4 Qc6 67. Kh4 Kf3 0-1

[Event "FIDE World Blitz 2013"]
[Site "Khanty-Mansiysk RUS"]
[Date "2013.06.10"]
[Round "30.30"]
[White "Akbaev, Kazbek"]
[Black "Pasiev, Rakhim"]
[Result "0-1"]
[WhiteTitle "IM"]
[BlackTitle "IM"]
[WhiteElo "2475"]
[BlackElo "2384"]
[WhiteFideId "4131045"]
[BlackFideId "24122475"]
[EventDate "2013.06.09"]

1. Nf3 c5 2. c4 Nc6 3. b3 e5 4. Bb2 d6 5. d3 f5 6. Nbd2 Nf6 7. g3 g6 8. Bg2 Bg7
9. O-O O-O 10. a3 h6 11. Ne1 Be6 12. Nc2 Qd7 13. e3 d5 14. b4 d4 15. b5 Nd8 16.
Qe2 Nf7 17. Rfe1 Rfe8 18. a4 Rad8 19. e4 f4 20. gxf4 exf4 21. Nb3 Qc7 22. Ba3
Nd7 23. a5 Nfe5 24. Reb1 f3 25. Bxf3 Rf8 26. Ne1 Nxf3+ 27. Nxf3 Bg4 28. Nbd2 Ne5
29. b6 axb6 30. Rxb6 Nxf3+ 31. Nxf3 Bxf3 32. Qf1 Qf4 33. Rxg6 Kh7 34. Rg3 Qd6
35. Qh3 Qf4 36. Rb1 Rf7 37. Bc1 Qf6 38. Bg5 Qe5 39. Bxd8 Be2 40. Rb6 Qf4 41. Qg2
Qc1+ 0-1